[Event "Skakligaen 2021-22"]
[Site "Denmark"]
[Date "2021.10.31"]
[Round "2.3"]
[White "Wiwe, Andreas"]
[Black "Hansen, Soren Bech"]
[Result "1/2-1/2"]
[WhiteElo "2314"]
[BlackElo "2296"]
[PlyCount "100"]
[EventDate "2021.10.30"]
[EventType "team-tourn"]
[EventRounds "9"]
[EventCountry "DEN"]
[SourceTitle "Live"]
[WhiteTeam "Jetsmark"]
[BlackTeam "Obro"]

1. e4 c5 2. Nf3 Nc6 3. d4 cxd4 4. Nxd4 Qb6 5. Nb3 Nf6 6. Nc3 e6 7. a3 Qc7 8.
Bg5 a6 9. Qd2 d6 10. O-O-O Bd7 11. f4 Be7 12. Be2 O-O-O 13. Bxf6 gxf6 14. Bh5
Rhf8 15. Kb1 Kb8 16. Rhe1 Na5 17. Nxa5 Qxa5 18. Bf3 f5 19. exf5 Qxf5 20. Nd5
Bh4 21. g3 exd5 22. gxh4 Be6 23. Bxd5 Rg8 24. Be4 Qc5 25. Bxh7 Rh8 26. Bd3 Rxh4
27. f5 Bc8 28. Re4 Rh5 29. Rc4 Qe5 30. Re1 Qxh2 31. Qa5 d5 32. Rb4 Qd6 33. Bxa6
Rxf5 34. Bd3 Rf6 35. Ra4 Re6 36. Rf1 Re7 37. c4 Be6 38. cxd5 Bxd5 39. Qa7+ Kc7
40. Rc1+ Bc6 41. Rxc6+ Qxc6 42. Rc4 Rxd3 43. Qa5+ Kb8 44. Rxc6 bxc6 45. Qb6+
Rb7 46. Qxc6 Rdb3 47. Qe8+ Ka7 48. Qa4+ Kb8 49. Qe8+ Ka7 50. Qa4+ Kb8 1/2-1/2

[Event "Skakligaen 2021-22"]
[Site "Denmark"]
[Date "2021.10.31"]
[Round "2.4"]
[White "Larsen, Karsten"]
[Black "Jensen, Bjarke"]
[Result "1/2-1/2"]
[WhiteElo "2252"]
[BlackElo "2349"]
[PlyCount "73"]
[EventDate "2021.10.30"]
[EventType "team-tourn"]
[EventRounds "9"]
[EventCountry "DEN"]
[SourceTitle "Live"]
[WhiteTeam "Obro"]
[BlackTeam "Jetsmark"]

1. d4 d5 2. Nf3 Nf6 3. Bf4 e6 4. e3 Bd6 5. Bg3 O-O 6. Nbd2 b6 7. c3 Bb7 8. Ne5
Ne4 9. Nxe4 dxe4 10. Be2 Qe7 11. O-O Nd7 12. Nxd7 Qxd7 13. f4 Be7 14. Qe1 a5
15. Bh4 f6 16. g4 b5 17. f5 b4 18. Qg3 Bd6 19. Qh3 Ba6 20. Qg2 Bxe2 21. Qxe2
exf5 22. Rxf5 Qe6 23. c4 c5 24. d5 Qd7 25. Raf1 Rae8 26. Kg2 Be5 27. Bg3 g6 28.
R5f2 Bxg3 29. Kxg3 Qd6+ 30. Kg2 Qe5 31. Rf4 a4 32. R1f2 Kg7 33. Kh1 a3 34. b3
Qa1+ 35. Rf1 Qe5 36. R1f2 Qa1+ 37. Rf1 1/2-1/2

[Event "Skakligaen 2021-22"]
[Site "Denmark"]
[Date "2021.10.31"]
[Round "2.5"]
[White "Christensen, Stefan"]
[Black "Jorgensen, Brian Jorgen"]
[Result "1/2-1/2"]
[WhiteElo "2266"]
[BlackElo "2230"]
[PlyCount "80"]
[EventDate "2021.10.30"]
[EventType "team-tourn"]
[EventRounds "9"]
[EventCountry "DEN"]
[SourceTitle "Live"]
[WhiteTeam "Jetsmark"]
[BlackTeam "Obro"]

1. e4 e6 2. d4 d5 3. Nd2 c5 4. exd5 Qxd5 5. Ngf3 cxd4 6. Bc4 Qd7 7. Nb3 Nc6 8.
Nbxd4 Nxd4 9. Nxd4 a6 10. O-O Nf6 11. c3 Qc7 12. Bb3 Bd6 13. h3 O-O 14. Bg5
Bh2+ 15. Kh1 Bf4 16. Bxf6 gxf6 17. Bc2 Qc5 18. Qf3 Qg5 19. Rad1 Rb8 20. Ne2 Bc7
21. Rd4 f5 22. g4 b5 23. gxf5 Bb7 24. Be4 Bxe4 25. Rxe4 Qxf5 26. Qxf5 exf5 27.
Rh4 Rb6 28. Nd4 f4 29. Kg2 b4 30. c4 Be5 31. Nf5 b3 32. axb3 Rxb3 33. Re1 f3+
34. Kh1 Bxb2 35. Rg4+ Kh8 36. Nh6 Bg7 37. Nf5 Bf6 38. Nh6 Bg7 39. Nf5 Bf6 40.
Nh6 Bg7 1/2-1/2

[Event "Skakligaen 2021-22"]
[Site "Denmark"]
[Date "2021.10.31"]
[Round "2.6"]
[White "Simonsen, Carsten"]
[Black "Rathlev, Jakob"]
[Result "1-0"]
[WhiteElo "2218"]
[BlackElo "2201"]
[PlyCount "147"]
[EventDate "2021.10.30"]
[EventType "team-tourn"]
[EventRounds "9"]
[EventCountry "DEN"]
[SourceTitle "Live"]
[WhiteTeam "Obro"]
[BlackTeam "Jetsmark"]

1. d4 d5 2. Bf4 Nf6 3. e3 e6 4. Nd2 Bd6 5. c3 c5 6. Ngf3 Bxf4 7. exf4 cxd4 8.
Nxd4 Nc6 9. N2f3 Qc7 10. g3 O-O 11. Bd3 e5 12. fxe5 Nxe5 13. Nxe5 Qxe5+ 14. Qe2
Re8 15. O-O-O Qc7 16. Qc2 Qa5 17. Kb1 Bd7 18. Rde1 b5 19. Rxe8+ Rxe8 20. Qd2
Ne4 21. Bxe4 dxe4 22. Qg5 Qb6 23. Qd5 Rd8 24. Qxe4 b4 25. Ka1 bxc3 26. bxc3 Qc5
27. Qd3 Bf5 28. Qe3 Be4 29. Re1 Bc6 30. Nb3 Qc4 31. Kb2 a6 32. Re2 g6 33. Rd2
Rb8 34. Rd4 Qf1 35. Qd2 Kg7 36. Rd6 Bb5 37. Qd4+ Kg8 38. Rd8+ Rxd8 39. Qxd8+
Kg7 40. Qd4+ Kg8 41. h4 h5 42. a4 Qe2+ 43. Ka3 Bc4 44. Kb4 Be6 45. Nc5 Ba2 46.
Ka5 Bc4 47. Ne4 Qa2 48. Nd6 Bb3 49. Kxa6 Bxa4 50. c4 Bd7+ 51. Kb6 Qa8 52. Kc7
Qc6+ 53. Kb8 Be6 54. Ka7 Qd7+ 55. Kb6 Bxc4 56. Kc5 Be6 57. Nb5 Qe7+ 58. Qd6 Qf6
59. Qd4 Qf5+ 60. Kb4 Qb1+ 61. Kc5 Qb3 62. Nd6 Qa3+ 63. Kb6 Qa8 64. Kc7 Qa5+ 65.
Qb6 Qc3+ 66. Kb8 Kg7 67. Ne8+ Kf8 68. Nc7 Qe5 69. Kb7 Bf5 70. Qb4+ Kg7 71. Qb6
Be4+ 72. Kc8 Bf5+ 73. Kb7 Qf6 74. Ne8+ 1-0

[Event "Skakligaen 2021-22"]
[Site "Denmark"]
[Date "2021.10.31"]
[Round "2.7"]
[White "Grubert, Christian"]
[Black "Kakulidis, Ellen"]
[Result "0-1"]
[WhiteElo "2112"]
[BlackElo "2054"]
[PlyCount "189"]
[EventDate "2021.10.30"]
[EventType "team-tourn"]
[EventRounds "9"]
[EventCountry "DEN"]
[SourceTitle "Live"]
[WhiteTeam "Jetsmark"]
[BlackTeam "Obro"]

1. e4 e5 2. Nf3 Nc6 3. Bb5 Nf6 4. O-O Nxe4 5. Re1 Nd6 6. Nxe5 Be7 7. Bf1 O-O 8.
d4 Nxe5 9. dxe5 Nf5 10. Bd3 d6 11. Nc3 dxe5 12. Rxe5 g6 13. Qf3 Bd6 14. Rxf5
Bxf5 15. Bxf5 gxf5 16. Bh6 Re8 17. Qh5 Re6 18. Bg5 Qd7 19. Rd1 Rae8 20. Kf1 Qc6
21. Bd2 Qc4+ 22. Kg1 Bf4 23. Qh4 Qd4 24. g3 Be5 25. Qg5+ Bg7 26. Be3 Qf6 27.
Qf4 Bh6 28. Qxc7 Bxe3 29. fxe3 Qe5 30. Qxe5 Rxe5 31. Nd5 Kg7 32. c4 Rd8 33. Kf2
b5 34. b3 bxc4 35. bxc4 Rc8 36. Rd2 Rxc4 37. Nf4 Ra4 38. Kf3 Ra3 39. Nd3 Rd5
40. Ke2 Ra4 41. Rc2 Rda5 42. Nc1 Ra3 43. Kf3 Kg6 44. Rc6+ f6 45. Rc2 Ra6 46. h4
Rd6 47. Ne2 Rd7 48. Nf4+ Kf7 49. Ke2 Ra6 50. Kf2 Rad6 51. Ke2 Rd1 52. Rb2 Rh1
53. Kf3 Rc1 54. Rb5 Rd2 55. Rxf5 Rf1+ 56. Ke4 Rxa2 57. g4 Ra4+ 58. Kd3 Rd1+ 59.
Ke2 Rd6 60. Kf3 Raa6 61. g5 Kg8 62. Nd5 fxg5 63. hxg5 Kg7 64. Kf4 Re6 65. e4
Ra4 66. Nf6 Ra1 67. Rb5 Rf1+ 68. Kg4 Re7 69. Nh5+ Kf7 70. Nf6 Kg7 71. Nh5+ Kf7
72. Nf6 Kg6 73. Ra5 Rg1+ 74. Kf4 Rf1+ 75. Kg4 h5+ 76. Kg3 Rg1+ 77. Kf4 Rf1+ 78.
Kg3 Rg1+ 79. Kf4 h4 80. e5 Rxg5 81. Ra6 Rf5+ 82. Kg4 Rg5+ 83. Kxh4 Rgxe5 84.
Nd7+ Kf5 85. Nxe5 Kxe5 86. Kg4 Kd5 87. Kf4 Kc5 88. Kf5 Kb5 89. Ra1 a5 90. Rb1+
Kc4 91. Kf6 Re8 92. Kf7 Ra8 93. Ke6 a4 94. Kd6 a3 95. Kc6 0-1

[Event "Skakligaen 2021-22"]
[Site "Denmark"]
[Date "2021.10.31"]
[Round "2.8"]
[White "Skou, Niels"]
[Black "Helledie, Anders"]
[Result "1/2-1/2"]
[WhiteElo "2045"]
[BlackElo "2314"]
[PlyCount "57"]
[EventDate "2021.10.30"]
[EventType "team-tourn"]
[EventRounds "9"]
[EventCountry "DEN"]
[SourceTitle "Live"]
[WhiteTeam "Obro"]
[BlackTeam "Jetsmark"]

1. d4 Nf6 2. c4 g6 3. Nc3 Bg7 4. e4 d6 5. Nf3 O-O 6. Be2 e5 7. d5 a5 8. Bg5 h6
9. Bh4 g5 10. Bg3 Nh5 11. h4 g4 12. Nd2 Nxg3 13. fxg3 h5 14. O-O f5 15. exf5
Bxf5 16. Nde4 Bh6 17. Rxf5 Rxf5 18. Bxg4 Rf8 19. Be6+ Kg7 20. Qxh5 Qe8 21. Qxe8
Rxe8 22. Rf1 Rf8 23. Rxf8 Kxf8 24. Bc8 Na6 25. Bxb7 Ra7 26. Bc8 Ra8 27. Bb7 Ra7
28. Bc8 Ra8 29. Bb7 1/2-1/2

[Event "Skakligaen 2021-22"]
[Site "Denmark"]
[Date "2021.12.12"]
[Round "3.1"]
[White "Fries Nielsen, Jens Ove"]
[Black "Rasmussen, Allan Stig"]
[Result "1-0"]
[WhiteElo "2378"]
[BlackElo "2566"]
[PlyCount "105"]
[EventDate "2021.10.30"]
[EventType "team-tourn"]
[EventRounds "9"]
[EventCountry "DEN"]
[SourceTitle "Turneringssystemet"]
[WhiteTeam "Fredericia"]
[BlackTeam "Jetsmark"]

1. Nf3 d5 2. b4 c6 3. e3 Nf6 4. Bb2 e6 5. a3 a5 6. b5 Nbd7 7. a4 Bd6 8. c4 O-O
9. cxd5 exd5 10. Be2 c5 11. d3 Re8 12. O-O b6 13. d4 Bb7 14. Nc3 Qc7 15. Rc1
Rad8 16. Re1 Qb8 17. g3 Nf8 18. Bf1 Ng6 19. Bg2 h5 20. Ne2 c4 21. Nf4 Nxf4 22.
gxf4 Bb4 23. Rf1 Qd6 24. Ne5 Bc8 25. Kh1 g6 26. f3 h4 27. Rg1 Kg7 28. Bf1 Rh8
29. Qc2 Kf8 30. Rd1 Bf5 31. Qc1 Nh5 32. Rg5 Qf6 33. Kg1 Bc8 34. Bxc4 dxc4 35.
Qxc4 Rh7 36. d5 Qd6 37. Bd4 Re8 38. Rc1 Bb7 39. Qc7 Rc8 40. Qxc8+ Bxc8 41.
Rxc8+ Ke7 42. Nc6+ Kd7 43. Rd8+ Kc7 44. Be5 Bc5 45. Kf1 h3 46. Ke2 Rh6 47. Rg1
f6 48. Bxd6+ Bxd6 49. Rg8 g5 50. Nd4 Rh7 51. Nf5 gxf4 52. Nxd6 Kxd6 53. e4 1-0

[Event "Skakligaen 2021-22"]
[Site "Denmark"]
[Date "2021.12.12"]
[Round "3.2"]
[White "Heimisson, Hilmir Freyr"]
[Black "Light, Bjarne"]
[Result "1-0"]
[WhiteElo "2322"]
[BlackElo "2234"]
[PlyCount "139"]
[EventDate "2021.10.30"]
[EventType "team-tourn"]
[EventRounds "9"]
[EventCountry "DEN"]
[SourceTitle "Turneringssystemet"]
[WhiteTeam "Jetsmark"]
[BlackTeam "Fredericia"]

1. e4 c5 2. Nf3 Nc6 3. Bb5 e5 4. O-O Bd6 5. c3 a6 6. Bc4 Nf6 7. d4 cxd4 8. cxd4
exd4 9. e5 Nxe5 10. Re1 O-O 11. Nxe5 Bxe5 12. Rxe5 Qc7 13. Rd5 Qxc4 14. Rxd4
Qe6 15. Nc3 b5 16. Bg5 Bb7 17. Qd2 h6 18. Bh4 Rfe8 19. f3 d5 20. Rd1 Rac8 21.
Re1 Qb6 22. Bf2 Rxe1+ 23. Qxe1 Qe6 24. Qd2 Rc4 25. b3 Rc8 26. Rf4 Nd7 27. h4
Ne5 28. Ne2 Qg6 29. Bd4 f6 30. Bxe5 fxe5 31. Rg4 Qc6 32. h5 Kh7 33. Qd3+ Kh8
34. Qf5 Qd6 35. Rg6 Rf8 36. Qe6 Qxe6 37. Rxe6 e4 38. Kf2 Kh7 39. Ke3 exf3 40.
gxf3 Rf5 41. Re7 Bc8 42. Re8 Bd7 43. Re7 Bc8 44. Nf4 d4+ 45. Ke4 d3 46. Re8 Rc5
47. Kxd3 Bf5+ 48. Kd4 Rc1 49. Ra8 Rf1 50. Ke5 Bb1 51. Ne6 Re1+ 52. Kd6 g5 53.
Rxa6 Re3 54. Nd4 b4 55. Kc5 Rd3 56. Ra7+ Kg8 57. Ra6 Kh7 58. Ra4 Rd2 59. Rxb4
Rxa2 60. Rb7+ Kg8 61. Rb6 Kh7 62. b4 Rh2 63. Rb7+ Kg8 64. b5 Rxh5 65. Kd6 Rh1
66. b6 Rd1 67. Ke5 Bd3 68. Ra7 Rb1 69. b7 Ba6 70. Ra8+ 1-0

[Event "Skakligaen 2021-22"]
[Site "Denmark"]
[Date "2021.12.12"]
[Round "3.3"]
[White "Schwarz, Frank"]
[Black "Baekgaard, Martin"]
[Result "1-0"]
[WhiteElo "2224"]
[BlackElo "2311"]
[PlyCount "71"]
[EventDate "2021.10.30"]
[EventType "team-tourn"]
[EventRounds "9"]
[EventCountry "DEN"]
[SourceTitle "Turneringssystemet"]
[WhiteTeam "Fredericia"]
[BlackTeam "Jetsmark"]

1. e4 e6 2. d4 d5 3. e5 c5 4. Nf3 cxd4 5. Bd3 Nc6 6. O-O Qc7 7. Re1 Bd7 8. a3
Nge7 9. Bf4 h6 10. Bg3 g5 11. h3 Bg7 12. Nbd2 Ng6 13. Bxg6 fxg6 14. Nb3 O-O 15.
Nbxd4 Ne7 16. Qd3 Nf5 17. Bh2 Rac8 18. Rad1 Qb6 19. g4 Ne7 20. Bg3 Kh7 21. Kg2
Rc7 22. h4 gxh4 23. Bxh4 Nc6 24. Bg3 Nxd4 25. Nxd4 Qxb2 26. Rb1 Qa2 27. Rb3 b6
28. Rh1 Rc4 29. g5 Rf7 30. gxh6 Bf8 31. Rh4 Rxd4 32. Rxd4 Bxh6 33. Rg4 Rf5 34.
Rc3 Be8 35. Rc7+ Bf7 36. Rxf7+ 1-0

[Event "Skakligaen 2021-22"]
[Site "Denmark"]
[Date "2021.12.12"]
[Round "3.5"]
[White "Guindy, Esmat Susanne"]
[Black "Rathlev, Jakob"]
[Result "0-1"]
[WhiteElo "2113"]
[BlackElo "2201"]
[PlyCount "106"]
[EventDate "2021.10.30"]
[EventType "team-tourn"]
[EventRounds "9"]
[EventCountry "DEN"]
[SourceTitle "Turneringssystemet"]
[WhiteTeam "Fredericia"]
[BlackTeam "Jetsmark"]

1. d4 e6 2. c4 f5 3. g3 Nf6 4. Bg2 c6 5. Nf3 d5 6. Qc2 Bd6 7. O-O O-O 8. b3 Qe7
9. a4 a5 10. Ba3 Bxa3 11. Nxa3 Na6 12. Ne5 Nb4 13. Qb2 b6 14. Rac1 Bb7 15. c5
Nd7 16. Nxd7 Qxd7 17. cxb6 Qd8 18. Nc2 Qxb6 19. Nxb4 Qxb4 20. Qc3 Qxc3 21. Rxc3
Ra6 22. Rc5 Rfa8 23. Rfc1 Rb6 24. R1c3 Kf7 25. e3 Ke7 26. f3 Kd6 27. Kf2 e5 28.
dxe5+ Kxe5 29. Bf1 Kd6 30. Bd3 Bc8 31. Bc2 Bd7 32. Ke1 Rb4 33. Kd2 g5 34. e4 d4
35. R3c4 fxe4 36. Bxe4 Rab8 37. Rxb4 Rxb4 38. Rxg5 Rxb3 39. Rxa5 c5 40. f4 Rb2+
41. Kd3 Rb3+ 42. Kc2 Re3 43. Ra6+ Kc7 44. Ra7+ Kd6 45. Ra6+ Ke7 46. Bxh7 c4 47.
Ra5 Re2+ 48. Kd1 Rxh2 49. Be4 d3 50. f5 Ra2 51. Ra7 Kd6 52. f6 Bg4+ 53. Kc1 d2+
0-1

[Event "Skakligaen 2021-22"]
[Site "Denmark"]
[Date "2021.12.12"]
[Round "3.6"]
[White "Grubert, Christian"]
[Black "Easwaralingam, Adesh"]
[Result "1/2-1/2"]
[WhiteElo "2112"]
[BlackElo "2136"]
[PlyCount "135"]
[EventDate "2021.10.30"]
[EventType "team-tourn"]
[EventRounds "9"]
[EventCountry "DEN"]
[SourceTitle "Turneringssystemet"]
[WhiteTeam "Jetsmark"]
[BlackTeam "Fredericia"]

1. e4 c5 2. Nf3 e6 3. d3 Nc6 4. g3 g6 5. Bg2 Bg7 6. O-O Nge7 7. c3 e5 8. Be3 d6
9. Na3 O-O 10. d4 exd4 11. cxd4 b6 12. Qd2 Ba6 13. Rfd1 Re8 14. Rac1 Rb8 15.
dxc5 dxc5 16. Nc4 Qxd2 17. Rxd2 Red8 18. Nd6 Nc8 19. Rcd1 Nxd6 20. Rxd6 Bxb2
21. Bf1 Bxf1 22. Kxf1 Rxd6 23. Rxd6 Na5 24. Bf4 Rc8 25. Rd7 f6 26. Rxa7 Nc4 27.
Rb7 g5 28. Bc7 b5 29. Ke2 Na3 30. Ne1 c4 31. Bd6 Nb1 32. Kd1 Nc3+ 33. Kc2 Nxe4
34. Be7 Be5 35. Ng2 Bd4 36. f3 Nc3 37. Rd7 Ne2 38. Rb7 Nc3 39. Rd7 Ne2 40. Kd2
c3+ 41. Kxe2 c2 42. Ba3 Ra8 43. Bc1 Bc3 44. Kd3 b4 45. Ne3 Rxa2 46. Nd5 Ra1 47.
Kxc2 Ra2+ 48. Kb3 Rxh2 49. Nxc3 bxc3 50. g4 h5 51. gxh5 Rxh5 52. Kxc3 Rh3 53.
Rd3 Kf7 54. Kd4 Ke6 55. Ra3 Kf5 56. Ra5+ Kg6 57. Ke4 Rh4+ 58. Ke3 Rc4 59. Bb2
Rc6 60. Ra8 Re6+ 61. Kf2 Rb6 62. Bd4 Rd6 63. Ke3 Re6+ 64. Kd3 Kf5 65. Rf8 Rd6
66. Kc4 Rc6+ 67. Kd5 Ra6 68. Bc5 1/2-1/2

[Event "Skakligaen 2021-22"]
[Site "Denmark"]
[Date "2021.12.12"]
[Round "3.7"]
[White "Madsen, Michael Baehring"]
[Black "Rasmussen, Henning Lau"]
[Result "0-1"]
[WhiteElo "2046"]
[BlackElo "2159"]
[PlyCount "102"]
[EventDate "2021.10.30"]
[EventType "team-tourn"]
[EventRounds "9"]
[EventCountry "DEN"]
[SourceTitle "Turneringssystemet"]
[WhiteTeam "Fredericia"]
[BlackTeam "Jetsmark"]

1. d4 d5 2. c4 c6 3. Nf3 Nf6 4. e3 a6 5. Nbd2 b5 6. b3 Bf5 7. Be2 h6 8. O-O e6
9. c5 a5 10. Ne5 Be7 11. f4 Ne4 12. Nxe4 Bxe4 13. Bd3 a4 14. b4 Bf6 15. Qc2
Bxd3 16. Qxd3 Qc7 17. Bd2 h5 18. Rf3 Nd7 19. Raf1 g6 20. Be1 Nf8 21. h3 h4 22.
R3f2 O-O-O 23. Qe2 Kb7 24. Qg4 Bg7 25. Bc3 Rh5 26. Rd1 Nh7 27. Rc2 Nf6 28. Qf3
Rdh8 29. Kf1 Rf5 30. Ke2 Ne4 31. Rf1 Ng3+ 32. Kd1 Nxf1 33. Qxf1 Bxe5 34. dxe5
g5 35. Rf2 gxf4 36. exf4 d4 37. Bxd4 Qd7 38. Rd2 Qd5 39. Be3 Qe4 40. Qd3 Qxd3
41. Rxd3 Rg8 42. Rd2 Kc7 43. Ke1 Rd8 44. Rd6 Rxd6 45. cxd6+ Kd7 46. Ke2 f6 47.
exf6 Kxd6 48. Kf3 Rxf6 49. Bf2 e5 50. g3 hxg3 51. Bxg3 Kd5 0-1

[Event "Skakligaen 2021-22"]
[Site "Denmark"]
[Date "2021.12.12"]
[Round "3.8"]
[White "Luther, Lasse"]
[Black "Christensen, Hans Ulrich Falk"]
[Result "1-0"]
[WhiteElo "2093"]
[BlackElo "2007"]
[PlyCount "43"]
[EventDate "2021.10.30"]
[EventType "team-tourn"]
[EventRounds "9"]
[EventCountry "DEN"]
[SourceTitle "Turneringssystemet"]
[WhiteTeam "Jetsmark"]
[BlackTeam "Fredericia"]

1. d4 Nf6 2. Nf3 c5 3. d5 b5 4. c3 Bb7 5. e4 Nxe4 6. Bxb5 Qb6 7. Be2 e6 8. dxe6
fxe6 9. O-O d5 10. Nbd2 Nxd2 11. Bxd2 Bd6 12. Bd3 c4 13. Bc2 Nd7 14. Ng5 Ke7
15. Nxe6 Kxe6 16. Qg4+ Ke7 17. Qxg7+ Ke6 18. Qg4+ Ke7 19. Bg5+ Kf8 20. Qf5+ Ke8
21. Qe6+ Kf8 22. Bh6# 1-0

[Event "Skakligaen 2021-22"]
[Site "Denmark"]
[Date "2021.12.12"]
[Round "3.1"]
[White "Hansen, Sune Berg"]
[Black "Berkes, Ferenc"]
[Result "1/2-1/2"]
[WhiteElo "2528"]
[BlackElo "2671"]
[PlyCount "24"]
[EventDate "2021.10.30"]
[EventType "team-tourn"]
[EventRounds "9"]
[EventCountry "DEN"]
[SourceTitle "Turneringssystemet"]
[WhiteTeam "Hillerod"]
[BlackTeam "Koge"]

1. d4 d5 2. Nf3 Nf6 3. Bf4 c5 4. e3 Qb6 5. c4 Qxb2 6. Nbd2 e6 7. Be2 Nc6 8. Rb1
Qa3 9. O-O Be7 10. dxc5 O-O 11. Nd4 a6 12. h3 Bd7 1/2-1/2

[Event "Skakligaen 2021-22"]
[Site "Denmark"]
[Date "2021.12.12"]
[Round "3.3"]
[White "Percivaldi, Martin"]
[Black "Thybo, Jesper Sondergaard"]
[Result "0-1"]
[WhiteElo "2385"]
[BlackElo "2602"]
[PlyCount "140"]
[EventDate "2021.10.30"]
[EventType "team-tourn"]
[EventRounds "9"]
[EventCountry "DEN"]
[SourceTitle "Turneringssystemet"]
[WhiteTeam "Hillerod"]
[BlackTeam "Koge"]

1. d4 Nf6 2. c4 e6 3. g3 d5 4. Bg2 Be7 5. Nf3 O-O 6. O-O c6 7. Nc3 b6 8. Qd3 a5
9. Rd1 Ba6 10. b3 b5 11. cxb5 cxb5 12. Nxb5 Nc6 13. a4 Nb4 14. Qb1 Bxb5 15.
axb5 Qb6 16. e3 Ne4 17. Bd2 Qxb5 18. Bf1 Qb6 19. Qb2 Bd6 20. Be1 f5 21. Nd2 Nf6
22. Nb1 g5 23. Nc3 g4 24. Rdc1 Rfc8 25. Nb5 Bf8 26. Rxc8 Rxc8 27. Rc1 Rxc1 28.
Qxc1 Nc6 29. Bd3 Ne4 30. Bxe4 fxe4 31. Nc3 Qxb3 32. Nxe4 dxe4 33. Qxc6 a4 34.
Qxe4 a3 35. Bc3 Qxc3 36. Qxe6+ Kg7 37. Qxg4+ Kf6 38. Qf4+ Ke7 39. Qe5+ Kd8 40.
Qf5 Ke7 41. Qe5+ Kd8 42. Qd5+ Kc7 43. Qf7+ Kb6 44. Qxf8 Kb5 45. Qe8+ Kb4 46.
Qb8+ Ka4 47. Qg8 Qc2 48. Qe8+ Kb4 49. Qb8+ Kc3 50. Kg2 a2 51. d5 Qb2 52. Qc8+
Kd2 53. d6 Ke1 54. d7 Qxf2+ 55. Kh3 Qf5+ 56. g4 Qf3+ 57. Kh4 Qf2+ 58. Kh3 Qxe3+
59. Kh4 Qf2+ 60. Kh5 Qxh2+ 61. Kg5 h6+ 62. Kf5 a1=Q 63. Qe8+ Kf1 64. d8=Q Qf2+
65. Kg6 Qc2+ 66. Kxh6 Qa6+ 67. Kg7 Qc3+ 68. Kf7 Qcc4+ 69. Kg7 Qxg4+ 70. Kh8
Qa1+ 0-1

[Event "Skakligaen 2021-22"]
[Site "Denmark"]
[Date "2021.12.12"]
[Round "3.4"]
[White "Neiksans, Arturs"]
[Black "Borge, Nikolaj"]
[Result "1-0"]
[WhiteElo "2571"]
[BlackElo "2381"]
[PlyCount "49"]
[EventDate "2021.10.30"]
[EventType "team-tourn"]
[EventRounds "9"]
[EventCountry "DEN"]
[SourceTitle "Turneringssystemet"]
[WhiteTeam "Koge"]
[BlackTeam "Hillerod"]

1. e4 c5 2. Nf3 Nc6 3. Bb5 g6 4. Bxc6 dxc6 5. d3 Bg7 6. h3 e5 7. O-O Qe7 8. a3
Nf6 9. b4 O-O 10. Nbd2 Nh5 11. Re1 Nf4 12. Nc4 cxb4 13. axb4 b5 14. Na5 Bd7 15.
d4 Nh5 16. Nxe5 Bxe5 17. dxe5 Rfd8 18. Nb7 Bxh3 19. Nxd8 Rxd8 20. Qf3 Qxe5 21.
Rxa7 Be6 22. Bh6 Qd4 23. Rea1 Qxb4 24. g4 Ng7 25. Qf6 1-0

[Event "Skakligaen 2021-22"]
[Site "Denmark"]
[Date "2021.12.12"]
[Round "3.5"]
[White "Jaksland, Tim"]
[Black "Chatalbashev, Boris"]
[Result "1/2-1/2"]
[WhiteElo "2212"]
[BlackElo "2517"]
[PlyCount "164"]
[EventDate "2021.10.30"]
[EventType "team-tourn"]
[EventRounds "9"]
[EventCountry "DEN"]
[SourceTitle "Turneringssystemet"]
[WhiteTeam "Hillerod"]
[BlackTeam "Koge"]

1. e4 c5 2. c3 Nf6 3. e5 Nd5 4. Nf3 Nc6 5. d4 cxd4 6. cxd4 d6 7. Bc4 dxe5 8.
dxe5 Ndb4 9. O-O Qxd1 10. Rxd1 Bg4 11. Nc3 Bxf3 12. gxf3 Nxe5 13. Bb3 Rc8 14.
Ba4+ Nbc6 15. f4 Nc4 16. Nb5 a6 17. Na7 Rc7 18. Nxc6 bxc6 19. Be3 e5 20. Rac1
Nxe3 21. Rxc6 Rxc6 22. Bxc6+ Ke7 23. fxe3 exf4 24. exf4 Kf6 25. Kg2 Be7 26. Be4
a5 27. Rd5 Rb8 28. b3 Bb4 29. Bd3 Rb7 30. Kf3 g6 31. h3 Rc7 32. Rb5 Rc3 33. Ke4
Rc1 34. Bc4 Re1+ 35. Kf3 Re7 36. Bd5 Rd7 37. Bc4 h6 38. a3 Be1 39. Re5 Bc3 40.
Rd5 Rc7 41. Rd3 Bb2 42. a4 Ba3 43. Rd5 Bb4 44. Ke4 Kg7 45. Kf3 h5 46. Bb5 Kh6
47. Bc4 f6 48. Rd8 Re7 49. Rd5 Re1 50. Rd7 f5 51. Kf2 Re8 52. Rd5 h4 53. Re5
Rc8 54. Kf3 Rc7 55. Rd5 Rc8 56. Re5 Bc3 57. Rd5 Re8 58. Rd3 Bb4 59. Re3 Rf8 60.
Rd3 Bc5 61. Rd5 Rc8 62. Re5 Kg7 63. Rd5 Rc7 64. Bb5 Be7 65. Bc4 Bb4 66. Re5 Bc3
67. Rd5 Re7 68. Rd3 Bb4 69. Re3 Rc7 70. Re5 Bc3 71. Rd5 Re7 72. Rd3 Bb2 73. Rd5
Bc1 74. Re5 Ra7 75. Rd5 Ba3 76. Bb5 Kh6 77. Rd7 Ra8 78. Bc4 Re8 79. Rd5 Bb4 80.
Re5 Rc8 81. Rd5 Rf8 82. Re5 Rd8 1/2-1/2

[Event "Skakligaen 2021-22"]
[Site "Denmark"]
[Date "2021.12.12"]
[Round "3.6"]
[White "Rozentalis, Eduardas"]
[Black "Ostergaard, Jens"]
[Result "1-0"]
[WhiteElo "2513"]
[BlackElo "2230"]
[PlyCount "77"]
[EventDate "2021.10.30"]
[EventType "team-tourn"]
[EventRounds "9"]
[EventCountry "DEN"]
[SourceTitle "Turneringssystemet"]
[WhiteTeam "Koge"]
[BlackTeam "Hillerod"]

1. e4 d5 2. exd5 Qxd5 3. Nc3 Qd8 4. g3 Nf6 5. Bg2 c6 6. Nf3 Bg4 7. h3 Bxf3 8.
Qxf3 e6 9. O-O Be7 10. d3 O-O 11. Qe2 Nbd7 12. f4 Qc7 13. Kh2 Rae8 14. Bd2 Nd5
15. Ne4 f5 16. Ng5 Bxg5 17. fxg5 Qd6 18. Rae1 e5 19. a3 Nc7 20. Bb4 c5 21. Bc3
b6 22. Qf3 Re6 23. a4 a6 24. b3 Kh8 25. h4 b5 26. Ba5 bxa4 27. bxa4 Nb6 28. Qb7
Ncd5 29. Bxb6 Nxb6 30. Qxa6 f4 31. Kh1 e4 32. Bxe4 f3 33. Kh2 Rf4 34. gxf4
Qxf4+ 35. Kh3 h5 36. Rxf3 Qg4+ 37. Kh2 Rxe4 38. Rf8+ Kh7 39. Rxe4 1-0

[Event "Skakligaen 2021-22"]
[Site "Denmark"]
[Date "2021.12.12"]
[Round "3.7"]
[White "Nordenbaek, Jan"]
[Black "Smith, Axel"]
[Result "0-1"]
[WhiteElo "2157"]
[BlackElo "2435"]
[PlyCount "104"]
[EventDate "2021.10.30"]
[EventType "team-tourn"]
[EventRounds "9"]
[EventCountry "DEN"]
[SourceTitle "Turneringssystemet"]
[WhiteTeam "Hillerod"]
[BlackTeam "Koge"]

1. e4 g6 2. d4 Nf6 3. Nc3 d5 4. Bd3 dxe4 5. Nxe4 Nxe4 6. Bxe4 Bg7 7. Ne2 Nc6 8.
Be3 O-O 9. O-O e5 10. Bxc6 bxc6 11. dxe5 Ba6 12. Re1 Bxe5 13. c3 Qh4 14. g3 Qh3
15. Qa4 Bb5 16. Qe4 Rfe8 17. Qg2 Qxg2+ 18. Kxg2 a5 19. Nd4 Bc4 20. f3 Bd5 21.
Kf2 a4 22. b4 a3 23. Re2 Bxd4 24. Bxd4 Rxe2+ 25. Kxe2 Re8+ 26. Kf2 Bc4 27. Be3
Rd8 28. Bd4 Ra8 29. g4 g5 30. Be3 f6 31. Kg3 Kf7 32. f4 Re8 33. Bc5 Re2 34. h4
gxh4+ 35. Kxh4 Rh2+ 36. Kg3 Rc2 37. f5 Rxc3+ 38. Kf4 Be2 39. Re1 Rc2 40. Rh1
Kg8 41. g5 fxg5+ 42. Kxg5 Rxa2 43. Kf6 Rd2 44. Rg1+ Kh8 45. Kf7 Bc4+ 46. Kf8 a2
47. Ke7 Rf2 48. f6 Rf5 49. Kf8 h6 50. f7 Rg5 51. Rh1 Kh7 52. Ke7 Rg7 0-1

[Event "Skakligaen 2021-22"]
[Site "Denmark"]
[Date "2021.12.12"]
[Round "3.8"]
[White "Pedersen, Henrik Dahl"]
[Black "Larsen, Christopher H"]
[Result "1-0"]
[WhiteElo "2227"]
[BlackElo "2261"]
[PlyCount "59"]
[EventDate "2021.10.30"]
[EventType "team-tourn"]
[EventRounds "9"]
[EventCountry "DEN"]
[SourceTitle "Turneringssystemet"]
[WhiteTeam "Koge"]
[BlackTeam "Hillerod"]

1. Nf3 Nf6 2. g3 d5 3. Bg2 c5 4. O-O g6 5. d4 cxd4 6. Nxd4 Bg7 7. c4 O-O 8. Nc3
e5 9. Nc2 d4 10. Nd5 Nc6 11. Bg5 Be6 12. e3 h6 13. exd4 hxg5 14. Nxf6+ Bxf6 15.
d5 Bf5 16. dxc6 Qxd1 17. Rfxd1 Bxc2 18. cxb7 Rab8 19. Rd2 Bf5 20. c5 e4 21. c6
g4 22. Re1 Rfe8 23. Rde2 Kf8 24. Bxe4 Bxe4 25. Rxe4 Rxe4 26. Rxe4 Bd8 27. Rd4
Ke8 28. Rd7 f5 29. c7 Bxc7 30. Rxc7 1-0